| 000 | 00520cam a2200193ua 4500 | ||
|---|---|---|---|
| 020 |
_a81 85031 61 4 _c500.00 |
||
| 041 |
_aeng _h |
||
| 082 |
_a631.458 _bLAL/SA |
||
| 100 | _aLal, P . | ||
| 245 |
_aSalt affected soils and crop production : a modern synthesis / _cP Lal. _hTextual Documents |
||
| 260 |
_a : _bAgro botanical publishers , _c1993. |
||
| 300 | _a373 ; . | ||
| 365 | _a500.00 | ||
| 504 | _a | ||
| 700 | 1 | _aArvind, Kumar . | |
| 700 | 1 | _aChhipa, B R . | |
| 942 | _cBK | ||
| 999 |
_c9452 _d9452 |
||